LEADER 03785nam0 2200565 i 450 001 BVEE020190 005 20170908093209.0 012 $ae.co loce o.o- coCo (3) 1524 (R)$2fei 100 $a20150803d1524 ||||0itac50 ba 101 | $aita$clat 102 $ait 181 1$6z01$ai $bxxxe 182 1$6z01$an 200 1 $a˜M. L. Vitruuio Pollione œDe architectura traducto di latino in uulgare dal vero exemplare con le figure a li soi loci con mirando ordine insignito: con la sua tabula alphabetica: per la quale potrai facilmente trouare la moltitudine de li vocabuli a li soi loci con summa diligentia expositi: ... 210 $d1524$eStampata in Venetia$gin le case de Ioanne Antonio & Piero fratelli da Sabio$h1524. Del mese di Martio 215 $a[22], 110 c.$cill.$d2º 300 $aRiferimenti: Edit 16 CNCE 32343 300 $aA cura di Francesco Lucio Durantino, il cui nome appare nella pref. a c. 2A2r 300 $aColophon a c. 2C6r 300 $aGot. ; gr. ; rom 300 $aSegn.: 2A-2B⁸ 2C⁶ A-N⁸ O⁶ 300 $aFront. in cornice stampato in rosso e nero 300 $a 316 $a1 v. - Legatura di restauro in pergamena rigida. - Contropiatti e controguardie di restauro. - Tagli spruzzati in rosso. - Ex libris Capone sul contropiatto ant. - Sul frontespizio timbro della Biblioteca di Giulio e Scipione Capone.$5IT-AV0007, SEZ. RARI C 108 317 $aProvenienza: *Biblioteca di Giulio e Scipione Capone. $5IT-AV0007 SEZ. RARI C 108 500 10$aDe architectura$3BVEE009090$9CFIV072607$918291 620 $dVenezia$3SBLL003553 700 0$aVitruvius Pollio$3CFIV072607$4070$08237 702 1$aDurantino$b, Francesco Lucio$3BVEV031102 712 02$aNicolini da Sabbio, Giovanni Antonio & Nicolini da Sabbio, Pietro$3BVEV018067$4650 712 02$aBiblioteca di Giulio e Scipione Capone$3NAPP000884$4320$5IT-AV0007 SEZ. RARI C 108 790 1$aDurantino$b, Francesco Lutio$3CFIV287547$zDurantino, Francesco Lucio 790 1$aVitruvio Pollione$b, Marco$3CFIV129017$zVitruvius Pollio 790 1$aVitruvio$b, M.$3CFIV131454$zVitruvius Pollio 790 0$aVitruve$3CFIV149701$zVitruvius Pollio 790 1$aVitruvius Pollio$b, Marcus$3CFIV149702$zVitruvius Pollio 790 0$aVitruvio Pollione$3CFIV201618$zVitruvius Pollio 790 0$aVitruvio$3CFIV212526$zVitruvius Pollio 790 0$aVitruvius$3CFIV315950$zVitruvius Pollio 790 1$aPollio$b, Marcus Vitruvius$3SBNV038371$zVitruvius Pollio 790 1$aVitruvius Pollio$b, Lucius$3SBNV038372$zVitruvius Pollio 791 02$aNicolini da Sabbio, Pietro & Nicolini da Sabbio, Giovanni Antonio$3BVEV018070$zNicolini da Sabbio, Giovanni Antonio & Nicolini da Sabbio, Pietro 791 02$aIoannesantonius, & Petrus fratres de Nicolinis de Savio$3CFIV314367$zNicolini da Sabbio, Giovanni Antonio & Nicolini da Sabbio, Pietro 801 3$aIT$bIT-NA0079$c20150803 850 $aIT-AV0007 912 $aBVEE020190 950 0$aBiblioteca provinciale Scipione e Giulio Capone$bun esemplare$d AVSEZ. RARI C 108$e AVDAA0000183425 C 1 v. - Legatura di restauro in pergamena rigida. - Contropiatti e controguardie di restauro. - Tagli spruzzati in rosso. - Ex libris Capone sul contropiatto ant. - Sul frontespizio timbro della Biblioteca di Giulio e Scipione Capone.$fC $h20150803$i20150803$lLegatura di restauro in pergamena rigida; Contropiatti e controguardie di restauro; Tagli spruzzati in rosso$mCaratteristiche materiali$lEx libris Capone sul contropiatto ant.$mEx libris$lSul frontespizio timbro della Biblioteca di Giulio e Scipione Capone.$mTimbri di enti laici e persone 977 $a AV 996 $aDe architectura$918291 997 $aUNISANNIO LEADER 02372nam 2200637 450 001 9910814484303321 005 20230828222320.0 010 $a1-280-55396-0 010 $a9786610553969 010 $a0-7486-2642-5 035 $a(CKB)1000000000351105 035 $a(EBL)271883 035 $a(OCoLC)476009292 035 $a(SSID)ssj0000187143 035 $a(PQKBManifestationID)11197241 035 $a(PQKBTitleCode)TC0000187143 035 $a(PQKBWorkID)10253666 035 $a(PQKB)11381776 035 $a(MiAaPQ)EBC271883 035 $a(Au-PeEL)EBL271883 035 $a(CaPaEBR)ebr10759665 035 $a(CaONFJC)MIL55396 035 $a(EXLCZ)991000000000351105 100 $a20131010h20062006 uy| 0 101 0 $aeng 135 $aur|n|---||||| 181 $ctxt 182 $cc 183 $acr 200 10$aKey concepts in literary theory /$fJulian Wolfreys, Ruth Robbins and Kenneth Womack 205 $aSecond edition. 210 1$aEdinburgh :$cEdinburgh University Press,$d[2006] 210 4$d2006 215 $a1 online resource (209 p.) 300 $a"Revised and expanded"--Cover. 311 $a0-7486-2458-9 320 $aIncludes bibliographical references. 327 $aTitle; Contents; Preface to Second Edition; Foreword; Concepts and Terms; Areas of Literary, Critical and Cultural Study,with Bibliographies; Chronology of Critical Thinkers, with Bibliographies; 330 $aPresents the student of literary and critical studies with a range of definitions of the significant terms and concepts used in psychoanalytic, poststructuralist, Marxist, feminist, and postcolonial literary studies. This volume also provides useful discussions of the main areas of literary, critical and cultural theory. 606 $aLiterature$vDictionaries 606 $aCriticism$vDictionaries 606 $aLiterature$xHistory and criticism$xTheory, etc 615 0$aLiterature 615 0$aCriticism 615 0$aLiterature$xHistory and criticism$xTheory, etc. 676 $a801.95014 700 $aWolfreys$b Julian$f1958-$0856701 701 $aRobbins$b Ruth$0175930 701 $aWomack$b Kenneth$0175931 801 0$bMiAaPQ 801 1$bMiAaPQ 801 2$bMiAaPQ 906 $aBOOK 912 $a9910814484303321 996 $aKey concepts in literary theory$94010363 997 $aUNINA